Countries Closest to an Unknown Country A-Z #10 - Statistics

General Stats
  • This quiz has been taken 38 times
  • The average score is 22 of 25
Answer Stats
Hint Country % Correct
J Japan
100%
Q Qatar
100%
C China
97%
O Oman
97%
Y Yemen
97%
I India
90%
K Kazakhstan
90%
L Laos
90%
N Nepal
90%
T Thailand
90%
U Uzbekistan
90%
V Vietnam
90%
Z Zambia
90%
B Bangladesh
87%
P Pakistan
87%
R Russia
87%
A Australia
84%
F France
81%
H Hungary
81%
M Malaysia
81%
S Singapore
81%
E East Timor|Timor-Leste
77%
D Djibouti
74%
G Georgia
74%
CAMBODIA
55%
No matching quizzes found
Score Distribution
Percent of People with Each Score
Percentile by Number Answered
Your Score History
You have not taken this quiz